1857 1272 1413 1362 1274 1800 1621 1633 1044 1198 1738 1806 1213 1849 1460 1107 1645 1281 1043 1632 1083 1677 1871 1868 1812 1396 1973 1346 1131 1418 1217 1910 1905 1920 1834 1265 1983 1621 1252 1768 1555 1614 1365 1713 1155 1088 1657 1234 1189 1509 1705 1941 1718 1540 1050 1034 1471 1132 1608 1333 1978 1135 1420 1195 1522 1632 1480 1914 1133 1167 1761 1789 1850 1069 1767 1220 1825 1378 1724 1854 1279 1473 1058 1957 1841 1375 1326 1835 1085 1633 1307 1597 1208 1377 1549 1178 1717 1587 1039 BCNSPRNW ULIB Ver.6.0+V

เปลี่ยนเป็นภาษาไทย

Change to English
 แสดงรายละเอียดบรรณานุกรม
  กลับหน้าหลัก

Brief Record : Get Marc (ISO 2709) : E-mail record : QR code < ปิดหน้าต่าง
LEADER : 00000nam 2200000uu 4500
001    13399111700
003     ULIB
008    110706s2551||||th 000 0 tha d
020    9789741398058
050  4 BQ7210^bพ819ภ 2551
100 0  พุทธทาสภิกขุ,^d2449-2536
245 10 ภูเขาแห่งวิถีพุทธธรรม /^cพุทธทาสภิกขุ (เงื่อม อินฺทปญฺโญ)
250    พิมพ์ครั้งที่ 2
260    กรุงเทพฯ :^bอมรินทร์ธรรมะ,^c2551
300    200 หน้า :^bภาพประกอบ ;^c19 ซม.
440  0 ชุดธรรมะจากสวนโมกข์ ;^vลำดับที่ 7
650  7 ธรรมเทศนา
650  7 ธรรมะกับชีวิตประจำวัน
945    ^p165^l0^i026490
995    ทศพร
999 ^a ใช้งานได้ทุกระบบ
รายการนี้ยังไม่มีแท็ก
คุณยังไม่ได้ล็อกอิน คุณสามารถมีกิจกรรมร่วมกับเว็บไซต์ได้ แต่ต้องล็อกอินก่อน ::
  ล็อกอิน

รายการสื่อสารสนเทศ

ลำดับที่ ประเภท เลขเรียก/บาร์โค้ด สถานที่ สถานะ
- ไม่พบข้อมูล -

รายการใกล้เคียง
    หัวเรื่อง [ธรรมเทศนา]
    หัวเรื่อง [ธรรมะกับชีวิตประจำวัน]

BibComment


ยังไม่เคยถูกคอมเมนท์

คอมเมนท์ทรัพยากรรายการนี้
  คอมเมนท์: ภูเขาแห่งวิถีพุทธ..


 Copyright 2026. Bcnsprnw @Library